What Archeology Says about the Bible (Record no. 9249)

MARC details
000 -LEADER
fixed length control field 00433nam a2200169 a 4500
001 - CONTROL NUMBER
control field 0000-9249
003 - CONTROL NUMBER IDENTIFIER
control field ELIB.Books
008 - FIXED-LENGTH DATA ELEMENTS--GENERAL INFORMATION
fixed length control field 110520 1957
035 ## - SYSTEM CONTROL NUMBER
System control number (ELIB.Books)0000-9401
082 ## - DEWEY DECIMAL CLASSIFICATION NUMBER
Classification number 220
Item number Wil
100 ## - MAIN ENTRY--PERSONAL NAME
Personal name Williams, Albert N.
245 ## - TITLE STATEMENT
Title What Archeology Says about the Bible
260 ## - PUBLICATION, DISTRIBUTION, ETC. (IMPRINT)
Name of publisher, distributor, etc. New York: Association Press
Date of publication, distribution, etc. 1957
650 ## - SUBJECT ADDED ENTRY--TOPICAL TERM
Topical term or geographic name as entry element Bible
942 ## - ADDED ENTRY ELEMENTS (KOHA)
Source of classification or shelving scheme Dewey Decimal Classification
Koha item type Books
998 ## - LOCAL CONTROL INFORMATION (RLIN)
Cataloger's initials, CIN (RLIN) bat
-- 2011-05-20
Holdings
Withdrawn status Lost status Source of classification or shelving scheme Damaged status Not for loan Home library Current library Date acquired Total Checkouts Barcode Date last seen Bill Date Koha item type
    Dewey Decimal Classification     Karen Baptist Theological Seminary Library Karen Baptist Theological Seminary Library 20/05/2011   10437 22/01/2022 22/01/2022 Books
Implemented & Customized by: BestBookBuddies

Powered by Koha